[Event "Hoogovens op"]
[Site "Wijk aan Zee"]
[Date "1995.01.??"]
[Round "5"]
[White "Van Wely, Loek"]
[Black "Sokolov, Ivan"]
[Result "0-1"]
[WhiteElo "2575"]
[BlackElo "2645"]
[Annotator "Ftacnik,L"]
[PlyCount "124"]
[EventDate "1995.01.??"]
[EventType "swiss"]
[EventRounds "12"]
[EventCountry "NED"]
[SourceTitle "CBM 046"]
[Source "ChessBase"]
[SourceDate "1995.06.01"]
[SourceVersion "1"]
[SourceVersionDate "1995.06.01"]
[SourceQuality "1"]

1. d4 Nf6 2. c4 e6 3. Nf3 d5 4. Nc3 Nbd7 5. Bg5 h6 6. Bh4 Be7 7. e3 O-O 8. cxd5
exd5 9. Qc2 Re8 10. Bd3 c6 11. O-O Ne4 12. Bxe7 (12. Bg3) 12... Qxe7 13. b4
Ndf6 (13... a6 14. a4 Nb6 15. a5 (15. b5 cxb5 16. axb5 a5 $1) 15... Nxc3 16.
Qxc3 Nd7 17. Nd2 $14) 14. b5 c5 15. dxc5 Nxc5 16. Rac1 Nce4 (16... b6 17. Nd4
Bb7 18. a4 Rec8 19. Bf5 Ne6 20. Nc6 Qd6 21. Ne2 $14 {Geller,E-Durao,J/Sochi/
1977/}) (16... Nxd3 17. Qxd3 Be6 18. Nd4 $14) 17. Qb2 Bd7 18. h3 Rac8 19. Ne2
Nc5 (19... Rxc1 20. Qxc1 (20. Rxc1 $2 Nxf2 $1)) 20. Bc2 Nce4 $6 (20... Rc7 21.
Nfd4 Rec8 $10) 21. a4 Ng5 22. Nfd4 Rc4 23. Nf4 Rec8 24. Bb3 R4c5 25. Rcd1 (25.
Rxc5 Qxc5) 25... Nge4 26. Nde2 Be6 27. Qd4 a6 28. Nd3 R5c7 29. b6 $2 (29. Rc1
axb5 30. axb5 $14) 29... Rc6 30. Ne5 Rc5 31. Nf4 (31. Nd3 Nc3 $1 32. Nxc3 Rxc3
$15) 31... Qd6 32. Ned3 Rc3 33. Ba2 a5 $1 34. Ne5 R3c5 35. Ned3 Rc2 36. Ra1 (
36. Bb3 R2c3 37. Ba2 Ra3 $17) 36... Rd2 37. Rfd1 Rxd1+ 38. Rxd1 Nc3 39. Rd2 (
39. Ra1 Qa3 40. Nc1 Nxa2 41. Nxa2 Rc2 $19) 39... Nfe4 40. Nxe6 fxe6 41. Rc2 Rc6
$1 42. Ne5 (42. f3 Ng3 $1) 42... Rc5 43. Nd3 Nb5 $1 44. Qb2 (44. axb5 Rxc2 $19)
44... Rxc2 45. Qxc2 Nbc3 46. f3 Ng3 47. Kf2 (47. Qxc3 $4 Ne2+ $19) 47... Nge2
48. Nf4 Qc6 $1 49. Ke1 (49. Nxe2 Ne4+ $19) 49... Nxf4 50. exf4 Qc5 $1 51. Kf1
Ne4 52. Qxc5 Nxc5 53. f5 Kf7 54. Ke2 Nxa4 55. Kd3 Nxb6 56. fxe6+ Kxe6 57. Kd4
Kd6 58. f4 Nc4 59. g4 (59. Bxc4 dxc4 60. Kxc4 a4 61. g4 b5+ 62. Kb4 Kd5 $19)
59... b5 60. g5 a4 61. h4 b4 62. f5 b3 0-1

[Event "Budapest FS06 GM"]
[Site "Budapest"]
[Date "1995.??.??"]
[Round "5"]
[White "Lukacs, Peter"]
[Black "Metz, Hartmut"]
[Result "0-1"]
[WhiteElo "2490"]
[BlackElo "2315"]
[Annotator "Ftacnik,L"]
[PlyCount "106"]
[EventDate "1995.06.??"]
[EventType "tourn"]
[EventRounds "11"]
[EventCountry "HUN"]
[EventCategory "9"]
[SourceTitle "CBM 049"]
[Source "ChessBase"]
[SourceDate "1995.12.01"]
[SourceVersion "1"]
[SourceVersionDate "1995.12.01"]
[SourceQuality "1"]

1. d4 {Fritz3 Baburin} c6 2. c4 d5 3. Nc3 Nf6 4. Nf3 e6 5. cxd5 exd5 6. Qc2
Nbd7 7. Bg5 Be7 8. e3 O-O 9. Bd3 Re8 10. O-O Nf8 11. h3 Ng6 12. Bxf6 Bxf6 13.
b4 a6 14. a4 Qd6 (14... Be7 15. b5 axb5 $6 16. axb5 Bd7 17. bxc6 bxc6 18. Na4
$16 Ra5 {1-0 Nikolic,Pr-Ljubojevic,L/Amsterdam OHRA 1988 (38)}) (14... a5 15.
b5 Nf8 16. Rfd1 Bd7 17. Rab1 Rc8 18. bxc6 bxc6 19. Bf5 Bxf5 20. Qxf5 Rc7 21.
Qd3 {Mochalov,E-Sherbakov,R/URS-chT Podolsk 1990/1/2-1/2 (82)}) 15. Rab1 Bd7 (
15... b5 16. e4 $1 $14) 16. Bf5 {Baburin: This is a nice positional idea. At
first it seems that the black d7-Bishop can be regarded as "bad", while the
d3-Bishop is a "good" one. However, the "bad" Bishop can be a very good
defender of the potential weakness on c6. Secondly, as it eyes h3 it is worth
exchanging this piece. Korchnoi employed the same idea in a similar position
against Karpov in one of their games in Bagio in 1978.} (16. a5 Rad8 17. Na4
Be7 18. Nc5 Bc8 19. Bf5 Qc7 20. Ra1 {1/2-1/2 Lukacs,P-Zifroni,D/Budapest ExpFS
JulGM (11) 1993}) 16... Bxf5 17. Qxf5 Re6 18. b5 axb5 19. axb5 Rae8 20. bxc6
bxc6 {It seems to me that White is succeeding with his plan: the c6-pawn is an
unpleasant weakness. In the game White allows a sacrifice on e3, which I
believe could be prevented.} 21. Rb7 Ne7 22. Qb1 (22. Qc2 c5 $1) 22... g6 (
22... c5 $2 23. Nb5 Qc6 24. Nc7 $18) 23. Na4 Nf5 24. Nc5 R6e7 25. Rb6 Nxe3 $5
26. fxe3 Rxe3 27. Qd1 (27. Rd1 $2 Rxf3 28. gxf3 Qg3+ 29. Kf1 Qxf3+ 30. Kg1 Re2
$19) 27... Qg3 28. Nd7 (28. Ne5 {Fritz3} R3xe5 29. dxe5 Qe3+ (29... Bxe5 30.
Rf3) 30. Kh1 Qxc5 31. Rb7 $13) (28. Kh1 {Fritz3} Bxd4 29. Qxd4 (29. Nxd4 Re1
$15) 29... Rxf3 30. Rxf3 (30. gxf3 Qxh3+ 31. Kg1 Qg3+ 32. Kh1 Re2 33. Rb8+ Qxb8
34. Qh4 Qe8 $17) 30... Re1+ 31. Qg1 Rxg1+ 32. Kxg1 $13) 28... Rxf3 29. Rxf3 (
29. Nxf6+ {Fritz3} Rxf6 30. Rxf6 Re1+ 31. Rf1 Rxd1 32. Rxd1 $17) (29. Qxf3 {
Fritz3} Bxd4+ 30. Kh1 Qxf3 31. Rxf3 Bxb6 32. Nxb6 $13) 29... Re1+ 30. Rf1 (30.
Qxe1 $2 Qxe1+ 31. Rf1 Bxd4+ $19) 30... Qe3+ (30... Rxd1 31. Nxf6+ Kg7 32. Ne8+
Kf8 33. Rxd1 Kxe8 34. Rxc6 $17) 31. Kh1 Rxd1 32. Nxf6+ Kg7 33. Rxd1 (33. Nh5+
Kh6 34. Rxd1 Kxh5 35. Rxc6 f5 $17) 33... Kxf6 34. Rxc6+ Kg5 35. Rc5 Qe4 36. Rc3
f5 37. Kg1 (37. Rg3+ Kh4 38. Rf3 g5 $17) 37... f4 38. Kf2 Kf5 39. Kf1 g5 40.
Rf3 h5 41. Rf2 Qe3 (41... g4 $4 42. Re2 $18) 42. Re2 Qb3 43. Re5+ Kf6 44. Rd2 (
44. Rde1 Qd3+ 45. R1e2 Qxd4 $19) 44... Qc3 45. Ke2 Kg6 (45... g4 46. Rd3 Qc2+
47. Rd2) 46. Ke1 g4 47. hxg4 hxg4 48. Rxd5 $2 (48. Re6+ Kf7 49. Re5 $17) 48...
Qe3+ 49. Re2 (49. Kd1 Qb3+ $19) 49... Qc1+ 50. Kf2 g3+ 51. Kf3 Qf1+ 52. Kg4
Qxe2+ 53. Kxf4 Qf2+ 0-1

[Event "WchT 2nd"]
[Site "Luzern"]
[Date "1989.??.??"]
[Round "3.4"]
[White "Christiansen, Larry Mark"]
[Black "Van der Sterren, Paul"]
[Result "1-0"]
[WhiteElo "2555"]
[BlackElo "2515"]
[Annotator "Ftacnik,L"]
[PlyCount "61"]
[EventDate "1989.10.27"]
[EventType "team-tourn"]
[EventRounds "9"]
[EventCountry "SUI"]
[SourceTitle "CBM 016"]
[Source "ChessBase"]
[SourceDate "1990.06.01"]
[SourceVersion "1"]
[SourceVersionDate "1990.06.01"]
[SourceQuality "1"]
[WhiteTeam "US of America"]
[BlackTeam "Netherlands"]
[WhiteTeamCountry "USA"]
[BlackTeamCountry "NED"]

1. c4 e6 2. Nc3 d5 3. d4 Nf6 4. cxd5 exd5 5. Bg5 Be7 6. e3 O-O 7. Bd3 Nbd7 8.
Qc2 Re8 9. Nf3 c6 10. O-O Nf8 11. h3 g6 12. Bh6 Ne6 13. Ne5 Ng7 14. g4 Nd7 15.
f4 Bf8 {N} (15... Bd6 16. Rf3 Nf8 17. Raf1 f6 18. f5 $1 fxe5 19. f6 Be6 20.
fxg7 Nd7 21. Bxg6 $1 e4 22. Nxe4 hxg6 23. Nxd6 Kh7 24. Nxe8 {1-0/
Mirkovic-Todorovic,G/Knjazevac/1988-89/}) 16. Qf2 f6 $6 17. Nf3 Nb6 18. Rae1
Bd7 19. Kh1 Re7 20. f5 $1 gxf5 (20... g5 21. h4 $16) 21. g5 Re6 22. Rg1 fxg5
23. Bxg5 Qe8 24. Ne2 $1 h6 25. Bf4 Qh5 26. Rg3 Be8 27. Reg1 Rg6 28. Be5 Rxg3
29. Qxg3 Qf7 30. Nf4 Rd8 31. Bxg7 {Ftacnik} 1-0

[Event "Interpolis-03"]
[Site "Tilburg"]
[Date "1979.11.10"]
[Round "7"]
[White "Timman, Jan H"]
[Black "Spassky, Boris Vasilievich"]
[Result "1/2-1/2"]
[WhiteElo "2625"]
[BlackElo "2640"]
[Annotator "Ftacnik,L"]
[PlyCount "97"]
[EventDate "1979.11.01"]
[EventType "tourn"]
[EventRounds "11"]
[EventCountry "NED"]
[EventCategory "15"]
[SourceTitle "MCL"]
[Source "ChessBase"]
[SourceDate "1999.07.01"]
[SourceVersion "1"]
[SourceVersionDate "1999.07.01"]
[SourceQuality "1"]

1. d4 d5 2. c4 e6 3. Nc3 Nf6 4. cxd5 exd5 5. Bg5 Be7 6. e3 O-O 7. Bd3 Nbd7 8.
Qc2 Re8 9. Nf3 Nf8 10. O-O c6 11. Bxf6 Bxf6 12. b4 a6 (12... Bg4 13. Nd2 Rc8 {
Karpov-Korchnoi/Baguio WM-ch/1978 /\} 14. b5 c5) 13. a4 g6 14. b5 a5 15. bxc6
bxc6 16. Nb1 Qd6 17. Nbd2 Ne6 18. Rfc1 $2 (18. Nb3 $14) 18... c5 $1 $15 19. Bb5
Re7 20. dxc5 Nxc5 21. Nd4 Bxd4 22. exd4 Ne6 23. Qc6 Qxc6 24. Bxc6 Bb7 25. Nb3
Bxc6 26. Rxc6 Rb8 $15 27. Rc3 Reb7 28. Nxa5 Rb1+ 29. Rc1 Rxa1 30. Rxa1 Nxd4 $17
{><Sa5, a4} 31. f3 Rb4 32. Ra2 Kg7 33. Kf2 Kf6 34. Ke3 Ne6 35. Nc6 Rc4 36. Nb8
d4+ 37. Ke2 Nc5 38. a5 Nb3 39. Nd7+ Kg7 (39... Ke7 40. Nb6 Rc3 $4 41. Nd5+) (
39... Ke6 40. a6 Nc1+ 41. Kd2 Nxa2 42. a7) 40. Rb2 Rc3 (40... Nxa5 41. Kd3 $10)
41. Ne5 (41. a6 d3+ $19) 41... Nxa5 42. Rb5 Ra3 $6 (42... Nb3) 43. f4 Kf6 44.
g4 Ke6 45. g5 Re3+ 46. Kf2 Nb3 47. Nf3 Kd6 48. Rb7 Nc5 49. Nxd4 1/2-1/2

[Event "Capablanca Memorial Elite 30th"]
[Site "Matanzas"]
[Date "1995.??.??"]
[Round "3"]
[White "Arencibia, Juan Joel"]
[Black "Garcia, Gildardo"]
[Result "1/2-1/2"]
[WhiteElo "2435"]
[BlackElo "2520"]
[Annotator "Ftacnik,L"]
[PlyCount "44"]
[EventDate "1995.05.??"]
[EventType "tourn"]
[EventRounds "13"]
[EventCountry "CUB"]
[EventCategory "11"]
[SourceTitle "CBM 048"]
[Source "ChessBase"]
[SourceDate "1995.10.01"]
[SourceVersion "1"]
[SourceVersionDate "1995.10.01"]
[SourceQuality "1"]

1. d4 Nf6 2. c4 e6 3. Nc3 d5 4. cxd5 exd5 5. Bg5 c6 6. e3 Nbd7 7. Bd3 Be7 8.
Qc2 O-O 9. Nf3 Re8 10. O-O Nf8 11. Rae1 Ne4 12. Bxe7 Qxe7 13. Bxe4 dxe4 14. Nd2
b6 15. Qa4 (15. Qxe4 Ba6 16. Qxe7 Rxe7 17. Ne2 Rd8 18. b3 Bxe2 19. Rxe2 Rxd4
20. Nf3 Rd6 21. Rc2 c5 $10 {Netusil,M-Kacirek,P/TCH-ch Praha (09)/1993/0.5 (68)
}) 15... a5 $5 {[%csl Ya6,Yb5,Yc4,Yd3,Ye2,Yf1] Black understands, that a6-f1
diagonal has exceptional value.} (15... b5 16. Qa5 (16. Qc2 b4 17. Ne2 (17. Na4
Ba6 18. Nc4 Nd7 19. Rc1 Qg5 20. Qd2 Rab8 21. Rfd1 Re6 22. Ne5 Nxe5 23. dxe5
Rxe5 24. Rxc6 Bb5 25. Qxb4 Ree8 26. Qa5 Qg4 27. Rcd6 Be2 $132 {Azmayparashvili,
Z-Pigusov,E/USSR/1984/0.5 (49)}) 17... Ba6 (17... a5 18. Rc1 Ba6 19. Rfe1 Rac8
20. Nb3 Nd7 21. Nc5 Bb5 22. Nxd7 Qxd7 23. Qc5 Re6 24. Nf4 {Yusupov,A-Li,Zunian/
Luzern 40/505 1985/1-0 (68)}) 18. Nb3 Rad8 (18... Bd3 19. Qd2 Ne6 20. Rc1 Qb7
21. Nc5 Nxc5 22. Rxc5 Qa6 23. Re1 Bxe2 24. Rxe2 Qxa2 25. Qxb4 Reb8 26. Qc4 Qb1+
27. Qc1 Qxc1+ 28. Rxc1 {Chekhov,V-Geller,E/Moscow/1982/1-0 (45)}) 19. Nc5 Bb5
20. Rc1 Ng6 21. Rfe1 Bxe2 22. Qxe2 {0.5/Yusupov,A-Ribli,Z/Luzern/1985/}) 16...
Bf5 17. Rc1 Rad8 18. Ne2 Rd6 19. Rc5 Qd7 20. Rfc1 Ng6 21. Ng3 Nh4 22. Nxf5 Nxf5
23. Qc3 Nh4 24. Rxc6 Qg4 25. g3 $14 {Smejkal,J-Flear,G/Szirak (13)/1986/1-0 
(36)}) (15... f5 16. f3 exf3 17. Nxf3 Bb7 18. Ne5 Qe6 19. Qc2 Bc8 20. e4 Qd6
21. Rd1 Ne6 22. Qb3 fxe4 23. Rf7 a5 24. Nxe4 {1-0/Botvinnik,M-Robatsch,K/
Amsterdam/1966/}) 16. Qxc6 Bb7 (16... Ba6 17. Nd5 Qd7 (17... Qg5 18. Nxe4) 18.
Qxd7 Nxd7 19. Nc7 $16) 17. Qxb6 (17. Qa4 Ba6 18. Ne2 Qb4 $1 $132) 17... Ba6 18.
Ndxe4 Bxf1 19. Rxf1 Qb4 $1 {[%csl Re4] Suddenly the mighty Ne4 becomes
vulnerable.} 20. Nd5 (20. Qc5 Qxb2) 20... Qxb6 21. Nxb6 Ra6 22. Nd6 Re6 {
Black ends up with N for 3 P, but white has lot of play.} (22... Rxb6 23. Nxe8
Rc6 24. Rd1 Ng6 25. d5 $18) (22... Re6 23. Nbc4 Raxd6 24. Nxd6 Rxd6 25. Rc1 $13
) 1/2-1/2

[Event "Interzonal-14b"]
[Site "Szirak"]
[Date "1987.??.??"]
[Round "1"]
[White "Salov, Valery"]
[Black "Andersson, Ulf"]
[Result "1-0"]
[WhiteElo "2575"]
[BlackElo "2600"]
[Annotator "Ftacnik,L"]
[PlyCount "54"]
[EventDate "1987.07.??"]
[EventType "tourn"]
[EventRounds "17"]
[EventCountry "HUN"]
[EventCategory "12"]
[SourceTitle "CBM 003"]
[Source "ChessBase"]
[SourceDate "1988.04.01"]
[SourceVersion "1"]
[SourceVersionDate "1988.04.01"]
[SourceQuality "1"]

1. d4 Nf6 2. c4 e6 3. Nc3 d5 4. cxd5 exd5 5. Bg5 c6 6. e3 Be7 7. Qc2 Nbd7 8.
Bd3 Nh5 9. Bxe7 Qxe7 10. O-O-O $5 g6 11. Kb1 $5 (11. Nge2 Ndf6 $5) 11... Nb6
12. h3 Ng7 $1 {/\ Bf5=} 13. g4 $1 {><f5} Bd7 14. Nf3 $1 {>< e5} (14. Nge2 $10)
14... O-O-O 15. Ne5 Kb8 $5 16. Rc1 Bc8 17. Na4 f6 $1 18. Nf3 (18. Nxb6 fxe5 $5)
18... Nxa4 19. Qxa4 Ne6 $6 (19... h5 20. Nh4 $1) (19... g5 $1 20. Rc3 h5 21.
Ra3 a6 22. Rg1 hxg4 23. hxg4 Rh3 $132) 20. Rc3 $14 Rd6 21. Rhc1 b6 $6 {>< a7}
22. b4 $1 (22. Rxc6 $2 Bd7 $1 $17) 22... Bd7 $2 (22... Bb7 $142 23. Ra3 Ba8 24.
b5 $40 {<<}) 23. Ne5 $1 $18 Rc8 (23... Nd8 24. Nxd7+ Qxd7 25. b5 $1 cxb5 26.
Bxb5 {/\ Ba6, Rc8+-}) 24. Ba6 $1 Rc7 25. Nxc6+ Rdxc6 26. Rxc6 Rxc6 27. Rxc6 Nd8
(27... Nd8 28. Rc2 $1 Bxa4 $2 29. Rc8#) (27... Bxc6 28. Qxc6 Qxb4+ 29. Kc2 $18)
(27... Nxd4 28. exd4 Qe4+ (28... Qe1+ 29. Kb2 Qxf2+ 30. Rc2 Qxd4+ 31. Ka3 Qe3+
32. Qb3 $18) 29. Kb2 Bxc6 30. Qxc6 Qxd4+ 31. Ka3 $1 $18) 1-0

[Event "World Cup"]
[Site "Reykjavik"]
[Date "1991.??.??"]
[Round "4"]
[White "Speelman, Jonathan S"]
[Black "Ljubojevic, Ljubomir"]
[Result "1/2-1/2"]
[WhiteElo "2630"]
[BlackElo "2600"]
[Annotator "Ftacnik,L"]
[PlyCount "61"]
[EventDate "1991.09.??"]
[EventType "tourn"]
[EventRounds "15"]
[EventCountry "ISL"]
[EventCategory "16"]
[SourceTitle "CBM 026"]
[Source "ChessBase"]
[SourceDate "1992.02.01"]
[SourceVersion "1"]
[SourceVersionDate "1992.02.01"]
[SourceQuality "1"]

1. d4 Nf6 2. c4 e6 3. Nc3 d5 4. cxd5 exd5 5. Bg5 c6 6. e3 h6 7. Bh4 Be7 8. Qc2
Be6 9. Bd3 Nh5 10. Bg3 $6 (10. Bxe7 Qxe7 11. Nge2) 10... Nd7 11. Nge2 O-O 12.
O-O Rc8 13. Rad1 b5 $1 14. Nf4 Nxf4 15. Bxf4 b4 16. Ne2 Qb6 (16... c5 17. Ba6
Rc6 18. Bb5 Rb6 19. Bxd7 Qxd7 20. dxc5 Rc8 $10) 17. Qd2 c5 18. dxc5 Nxc5 19.
Bb1 (19. Be5 Ne4 20. Qe1 Rfd8 $13) 19... Rfd8 20. Nd4 Bf8 21. Qe2 Bd7 22. Qf3
Qf6 $1 23. Rfe1 (23. Qxd5 Bg4 $1) 23... g6 24. h3 Bg7 25. Qg3 $6 Ne6 (25... Ne4
26. Bxe4 dxe4 $15) 26. Nxe6 Bxe6 27. b3 Bf5 28. Bxf5 Qxf5 29. Re2 Qe4 (29...
Rc2 30. e4 (30. Qf3 $1 $10) 30... Qh5 $1 31. Red2 d4) 30. Red2 Rc2 31. Qf3 {
Ftacnik,L} (31. Qf3 Qxf3 32. gxf3 Rxd2 33. Rxd2 Bc3 34. Rc2 g5 35. Bc7 Rd7 36.
Ba5 d4 37. exd4 Rd5 38. Bc7 Rxd4 39. Kg2 $10) 1/2-1/2

[Event "Munich"]
[Site "Munich"]
[Date "1990.??.??"]
[Round "?"]
[White "Gulko, Boris F"]
[Black "Jussupow, Artur"]
[Result "1/2-1/2"]
[WhiteElo "2610"]
[BlackElo "2615"]
[Annotator "Ftacnik,L"]
[PlyCount "43"]
[EventDate "1990.04.??"]
[EventType "tourn"]
[EventRounds "11"]
[EventCountry "GER"]
[EventCategory "13"]
[SourceTitle "CBM 018"]
[Source "ChessBase"]
[SourceDate "1990.10.01"]
[SourceVersion "1"]
[SourceVersionDate "1990.10.01"]
[SourceQuality "1"]

1. d4 d5 2. c4 e6 3. Nc3 Be7 4. Nf3 Nf6 5. cxd5 exd5 6. Bg5 c6 7. Qc2 g6 8. e4
dxe4 9. Bxf6 Bxf6 10. Qxe4+ Qe7 11. Bc4 O-O 12. O-O Bf5 (12... Qb4 13. Qf4 $10)
13. Qf4 (13. Qxe7 Bxe7 14. Rfe1 Bf6 $10) 13... Qb4 14. Ne5 $5 (14. Bb3 $10)
14... Bxe5 (14... Qxb2 15. Ne4 (15. Rac1 $5 {/\ Ne4 |^}) 15... Bxe5 (15... Bxe4
16. Qxf6 Bd5 17. Ng4 Qd2 18. Rad1 $18) (15... Bg7 16. Nxf7 Rxf7 17. Nd6 $18)
16. dxe5 Nd7 (16... Bxe4 17. Qxe4 {/\ e6, R ab1}) 17. Nf6+ Nxf6 18. exf6 Qxf6
19. g4 Qh4 $19) 15. dxe5 Be6 (15... Qxb2 16. Rac1) 16. Ne4 $8 Qxc4 17. Rac1 Qb5
(17... Qe2 18. Rfe1) 18. a4 Qa5 19. Nf6+ Kg7 20. Nh5+ gxh5 21. Qg5+ Kh8 22.
Qf6+ (22. Qf6+ Kg8 23. Rc3 Nd7 24. Rg3+ Bg4) 1/2-1/2

[Event "Munich"]
[Site "Munich"]
[Date "1990.??.??"]
[Round "?"]
[White "Bischoff, Klaus"]
[Black "Van der Sterren, Paul"]
[Result "1/2-1/2"]
[WhiteElo "2505"]
[BlackElo "2515"]
[Annotator "Ftacnik,L"]
[PlyCount "73"]
[EventDate "1990.04.??"]
[EventType "tourn"]
[EventRounds "11"]
[EventCountry "GER"]
[EventCategory "13"]
[SourceTitle "CBM 018"]
[Source "ChessBase"]
[SourceDate "1990.10.01"]
[SourceVersion "1"]
[SourceVersionDate "1990.10.01"]
[SourceQuality "1"]

1. c4 e6 2. Nc3 d5 3. d4 Nf6 4. cxd5 exd5 5. Bg5 Be7 6. e3 O-O 7. Bd3 Nbd7 8.
Nf3 c6 9. Qc2 Re8 10. h3 Nf8 11. O-O-O Be6 12. Kb1 Qa5 13. g4 Ne4 (13... Rac8
14. Rc1 Ne4 15. Bxe4 dxe4 16. Bxe7 Rxe7 17. Nd2 Rce8 18. a3 Bd5 $13 {
Quinteros-Andersson,U/Mar del Plata/1981/}) 14. Bxe7 (14. Bxe4 dxe4 15. Bxe7
Rxe7 16. Nd2 Rae8) 14... Nxc3+ (14... Rxe7 $5) 15. Qxc3 Qxc3 16. bxc3 Rxe7 17.
Kc2 c5 $1 18. Rb1 (18. dxc5 Rc8) 18... c4 19. Be2 Bd7 $1 20. Kd2 b5 21. Ne1 Bc6
22. Nc2 (22. a4 $5 bxa4 23. Nc2) 22... a5 23. a4 $5 b4 $1 (23... bxa4 24. Rb6
Rc7 25. Bf3 {x d5}) 24. cxb4 Bxa4 25. bxa5 (25. b5 Nd7 {/\ Nb6}) 25... Bxc2 26.
Kxc2 Rxa5 27. Ra1 Rea7 28. Rxa5 Rxa5 29. Rb1 g5 $1 $10 30. Bf3 Nd7 31. Rb7 Nf6
(31... Ra2+ $2 32. Kb1 Rxf2 33. Bxd5) 32. Rb6 Kg7 33. Kb2 Ra7 34. Rb5 Rd7 35.
Rb6 Ra7 36. Rb5 Rd7 37. Rb6 {Ftacnik,L} 1/2-1/2

[Event "Ter Apel"]
[Site "Ter Apel"]
[Date "1990.02.16"]
[Round "4"]
[White "Bagirov, Vladimir"]
[Black "Pfleger, Helmut"]
[Result "1-0"]
[WhiteElo "2470"]
[BlackElo "2505"]
[Annotator "Ftacnik,L"]
[PlyCount "99"]
[EventDate "1990.02.12"]
[EventType "tourn"]
[EventRounds "5"]
[EventCountry "NED"]
[EventCategory "10"]
[SourceTitle "CBM 017"]
[Source "ChessBase"]
[SourceDate "1990.08.01"]
[SourceVersion "1"]
[SourceVersionDate "1990.08.01"]
[SourceQuality "1"]

1. d4 Nf6 2. c4 e6 3. Nc3 d5 4. cxd5 exd5 5. Bg5 Be7 6. e3 c6 7. Bd3 Nbd7 8.
Nge2 O-O 9. Qc2 Re8 10. O-O a5 {N} (10... Nf8 11. f3 Ng6 12. e4 dxe4 13. fxe4
Be6 (13... c5 14. Bxf6 Bxf6 15. Nd5 cxd4 16. Nxf6+ gxf6 17. Ng3 Re5 18. Qd1 Rg5
19. Nh5 Bg4 20. Nxf6+ Qxf6 21. Rxf6 Bxd1 22. Rxd1 $10 {Sagalchik,G-Guliev,S/
Frunze op/1989/}) 14. h3 Nh5 15. Bxe7 Qxe7 16. e5 Qh4 17. Ne4 Nhf4 18. Nxf4
Nxf4 19. Nd6 Nxh3+ $1 20. gxh3 Qg3+ $10 {Petrosian,A-Akopian,V/Erevan/1989/ ->
CBM 14}) 11. f3 Nf8 12. Rae1 (12. e4 $5) 12... b6 (12... Ng6 13. e4 dxe4 14.
fxe4 Nh5) 13. Kh1 (13. e4 $5) 13... Ra7 14. Bh4 Ng6 15. Bf2 Bd6 16. h3 (16. e4
dxe4 17. fxe4 Ng4 $22 18. Bg1 $2 Bxh2 $1) 16... Bb8 17. e4 dxe4 18. fxe4 $14
Be6 19. e5 Nd5 20. Nxd5 Bxd5 (20... cxd5 21. Bb5 $14) 21. Nc3 Be6 22. Bg1 Rc7 (
22... Qh4 23. Re4) 23. a3 Rd7 24. Be4 Qc7 25. Qe2 Rc8 26. Qh5 (26. Rc1 Qd8)
26... Qd8 27. Bf5 Qe8 28. Ne4 Nf8 29. Qg5 Kh8 30. Qg4 Rcd8 31. Ng5 Kg8 32. Qh4
h6 33. Ne4 Bxf5 34. Rxf5 Ng6 35. Qg4 Qe6 36. Ref1 Re8 37. Qh5 a4 38. Rf6 $1 Qd5
(38... gxf6 39. Qxh6 $18) 39. Rxg6 Qxe4 (39... fxg6 40. Qxg6 Re6 41. Nf6+ $18)
40. Rg4 Qh7 41. Rf6 $1 Kf8 42. Rxc6 Bc7 43. Be3 f6 44. Rxf6+ gxf6 45. Bxh6+ Ke7
46. Rg7+ Qxg7 47. Bxg7 fxe5 48. Qg5+ Ke6 49. Qg6+ Ke7 50. Qf6# {Ftacnik,L} 1-0

[Event "Munich SKA"]
[Site "Munich"]
[Date "1994.06.03"]
[Round "11"]
[White "Bareev, Evgeny"]
[Black "Jussupow, Artur"]
[Result "1-0"]
[WhiteElo "2685"]
[BlackElo "2655"]
[Annotator "Ftacnik,L"]
[PlyCount "103"]
[EventDate "1994.05.21"]
[EventType "tourn"]
[EventRounds "11"]
[EventCountry "GER"]
[EventCategory "16"]
[SourceTitle "CBM 042"]
[Source "ChessBase"]
[SourceDate "1994.10.01"]
[SourceVersion "1"]
[SourceVersionDate "1994.10.01"]
[SourceQuality "1"]

1. d4 Nf6 2. c4 e6 3. Nc3 d5 4. cxd5 exd5 5. Bg5 Be7 6. e3 Nbd7 7. Bd3 O-O 8.
Nge2 Re8 9. O-O c6 10. Qc2 Nf8 11. f3 Ng6 (11... b5 12. Bh4 a6 13. Bf2 Bb7 14.
Kh1 Rc8 15. Bf5 Rc7 16. e4 $1 $36 {Gelfand-Beliavsky/Belgrade/1991/}) 12. Rad1
Be6 $146 (12... h6 $2 13. Bxh6 $1 gxh6 14. Bxg6 fxg6 15. Qxg6+ Kh8 16. Nf4 Bf8
17. e4 $40) (12... Nh5 13. Bxe7 Qxe7 14. e4 dxe4 15. fxe4 Bg4 $13) 13. Ng3 Rc8
14. Rde1 (14. f4 $6 Ng4 {xe3}) 14... c5 15. f4 Nf8 $1 (15... Ng4 16. Bxe7 Qxe7
17. f5 Qh4 18. h3 Qxg3 19. hxg4 $18) 16. Kh1 (16. Qd2 $5) 16... h6 17. Bh4 a6 (
17... Ng4 18. Bxe7 Qxe7 19. Nf5 $1 $16) 18. Qd2 cxd4 19. exd4 Ne4 $1 20. Ncxe4
(20. Bxe4 Bxh4 21. Bf3 Qd6 $13) 20... Bxh4 21. Nc5 Rc7 22. f5 Bg5 $1 (22... Bc8
$2 23. Rxe8 Qxe8 24. Qf4 Qe7 $14) 23. Qd1 (23. Qa5 Bd7 24. Rxe8 Bxe8 $13) 23...
Bd7 24. Nh5 Nh7 25. Qf3 Rxe1 26. Rxe1 Bc6 27. Qg3 Nf6 28. Nxg7 $1 $10 Kxg7 29.
h4 Nh5 30. Qg4 Re7 (30... Nf6 31. Qg3 Nh5 $10 32. f6+ Kh8 $1 (32... Qxf6 $2 33.
Qxc7 Bxh4 34. Ne6+ $18) 33. Qg4 Qxf6 34. Qxh5 Bxh4 $17) 31. Rxe7 Qxe7 32. hxg5
Qxg5 33. Qxg5+ hxg5 34. b4 $1 g4 (34... Ng3+ 35. Kh2 Ne4 $10) 35. a4 b6 36.
Bxa6 $1 (36. b5 axb5 37. axb5 Bxb5 38. Bxb5 bxc5 39. dxc5 Ng3+ 40. Kh2 Nxf5 $10
) 36... bxc5 $1 (36... Ng3+ 37. Kh2 Nxf5 38. b5 Be8 39. a5 $1 $36) 37. b5 Ba8
38. dxc5 Ng3+ (38... d4 39. b6 (39. c6 d3 40. c7 d2) 39... Ng3+ 40. Kg1 Ne4 $10
) 39. Kg1 Nxf5 $4 (39... d4 $1 40. b6 $8 Ne4 $1 41. b7 Bxb7 42. Bxb7 Nxc5 43.
a5 $1 Kf6 44. a6 Nxa6 45. Bxa6 Kxf5 46. Kf2 Kg5 47. Ke2 f5 48. Kd3 f4 $10) 40.
b6 (40. c6 Nd6 41. c7 $18) 40... d4 41. b7 Bxb7 42. Bxb7 d3 43. Kf2 Nd4 44. Ke3
d2 45. Kxd2 Nb3+ 46. Ke2 $1 Nxc5 47. a5 f5 48. a6 Nxa6 49. Bxa6 f4 50. Kd3 Kf6
(50... f3 51. g3 $18) 51. Ke4 Kg5 52. Bc8 (52. Bc8 f3 53. g3 f2 54. Ba6 $18)
1-0